1766 1512 1077 1007 1437 1122 1597 1951 1575 1294 1772 1857 1421 1747 1555 1946 1247 1202 1254 1114 1037 1603 1069 1772 1320 1127 1665 1169 1587 1126 1622 1462 1529 1194 1875 1474 1545 1547 1631 1259 1384 1043 1371 1135 1128 1100 1333 1620 1226 1645 1123 1012 1195 1283 1879 1777 1930 1311 1032 1259 1707 1911 1921 1902 1346 1248 1665 1137 1821 1687 1963 1961 1284 1192 1718 1477 1810 1464 1920 1877 1913 1734 1386 1438 1290 1905 1589 1144 1137 1190 1787 1279 1055 1326 1109 1239 1328 1599 1844 BCNSPRNW ULIB Ver.6.0+V

เปลี่ยนเป็นภาษาไทย

Change to English
 แสดงรายละเอียดบรรณานุกรม
  กลับหน้าหลัก

Brief Record : Get Marc (ISO 2709) : E-mail record : QR code < ปิดหน้าต่าง
LEADER : 00000nam 2200000uu 4500
001    13399126319
003     ULIB
008    020711s2561 th a 000 0 tha d
020    ^a9786167793252
060    ^aWB143^bฉ232ภ
100    ^aฉัตรชัย กรีพละ
245    ^aภาวะฉุกเฉินจากความผิดปกติของเกลือแร่และสมดุลกรดด่างที่พบบ่อย=^bTherapeutic approaches to common electrolyte and acid-base emergencies
250    ^aพิมพ์ครั้งที่ 1
260    ^aกรุงเทพฯ :^bบริษัืต้นมะนาวพับลิชชิ่งจำกัด,^c2561
300    ^a200 หน้า;^b19 ซม.
650    ^aเกลือแร่--ภาวะฉุกเฉิน
650    ^aกรดด่าง--ภาวะฉุกเฉิน
945    ^p280^l0^i004545
945    ^p280^l0^i004546
945    ^p280^l0^i004547
999    ^aประนอม เกษจรัล
รายการนี้ยังไม่มีแท็ก
คุณยังไม่ได้ล็อกอิน คุณสามารถมีกิจกรรมร่วมกับเว็บไซต์ได้ แต่ต้องล็อกอินก่อน ::
  ล็อกอิน

รายการสื่อสารสนเทศ

ลำดับที่ ประเภท เลขเรียก/บาร์โค้ด สถานที่ สถานะ
1. วิทยาศาสตร์การแพทย์ และสุขภาพ
หนังสือสำรอง
สถานะ=หนังสือสำรอง
WB143 ฉ232ภ ฉ.1 
  Barcode: 004545
ห้องสมุดวิทยาเขตสวรรค์ประชารักษ์
►หนังสือทั่วไป
บนชั้น
2. วิทยาศาสตร์การแพทย์ และสุขภาพ
วิทยาศาสตร์การแพทย์ และสุขภาพ
WB143 ฉ232ภ ฉ.2 
  Barcode: 004546
ห้องสมุดวิทยาเขตสวรรค์ประชารักษ์
►หนังสือทั่วไป
บนชั้น
3. วิทยาศาสตร์การแพทย์ และสุขภาพ
วิทยาศาสตร์การแพทย์ และสุขภาพ
WB143 ฉ232ภ ฉ.3 
  Barcode: 004547
ห้องสมุดวิทยาเขตสวรรค์ประชารักษ์
►หนังสือทั่วไป
บนชั้น

รายการใกล้เคียง
    หัวเรื่อง [เกลือแร่--ภาวะฉุกเฉิน]
    หัวเรื่อง [กรดด่าง--ภาวะฉุกเฉิน]

BibComment


ยังไม่เคยถูกคอมเมนท์

คอมเมนท์ทรัพยากรรายการนี้
  คอมเมนท์: ภาวะฉุกเฉินจากคว..


 Copyright 2026. Bcnsprnw @Library